000 00536nam a2200193 a 4500
001 1772188197945
003 YourLibrary
005 20260227160154.0
008 260227s2003##################000#0#eng##
020 _a9780231116190
082 0 4 _a324.780973
_bFRE
100 1 _aFrancia, Peter L.,
_eauthor.
245 1 0 _aThe Financiers of Congressional Elections :
260 _bColumbia University Press,
_c2003.
300 _a220 pages
650 0 _aPolitical Science.
942 _cENGLISH
040 _aYourLibrary
_beng
_cYourLibrary
999 _c615953
_d615953